000 00542nam a2200145Ia 4500
008 230917s9999||||xx |||||||||||||| ||und||
040 _e200608
_aMAIN
041 _aEnglish
082 _a891.43172109 AH22:PD
100 _aपुष्पा देवी
245 0 _aहरिशंकर आदेश के काव्य में प्रेम और सौन्दर्य-चित्रण
260 _aनई दिल्ली
_bराधा पब्लिकेशन्स
_c2010
300 _avii, 163 p.
942 _cHN
999 _c160391
_d160391